00369nam a2200145Ia 4500008004100000020001800041082002100059100001600080245002600096250000600122260004400128300000800172650001300180650003000193140316s9999 xx 000 0 und d a9780521130691 a573.1536bBOA/ME aBoal ,David aMechanics of the cell a2 aDelhibCambridge University Pressc2012 a545 aPolymers aSoft materials and fluids